000 00399nam a2200169Ia 4500
001 10176
003 IN-NITTTR
005 20251114233055.0
008 251113s9999||||xx |||||||||||||| ||eng||
040 _beng
040 _cIN-NITTTR
041 _aeng
082 _a157.8 B953T
100 _aBurton, Thomas A.
245 4 _aThe trainable mentally retarded /
_cBurton, Thomas A.
942 _2ddc
_cBK
999 _c12813
_d12813